| 000 | 00909nam a22002297a 4500 | ||
|---|---|---|---|
| 999 |
_c20768 _d20768 |
||
| 003 | AR-CdUCM | ||
| 008 | 190605b ||||| |||| 00| 0 spa d | ||
| 040 |
_aMUNICIPALIDAD PROVINCIAL DEL CUSCO _cBIBLIOTECA MUNICIPAL DEL CUSCO |
||
| 082 |
_a631 / _bF39 |
||
| 100 |
_aFernandez Cieza, Gonzalo _943374 |
||
| 245 |
_aCapacidad tecnológica de los pequeños agricultores de costa : _bEl caso de Lambayeque / |
||
| 260 |
_aCusco : _bBartolomé de las casas, _c1995. |
||
| 300 |
_a108 páginas ; _c26 cm. |
||
| 440 |
_aTrabajos del colegio andino _943375 |
||
| 505 | _aContenido : Contexto general y zona de estudio -- Organización del proceso productivo -- Los pequeños agricultores y el manejo de sus recursos agropecuarios... | ||
| 650 |
_aEstudio agropecuario _943376 |
||
| 650 |
_aManejo _922123 |
||
| 650 |
_aOrganización _94866 |
||
| 650 |
_aProducción _91785 |
||
| 942 |
_2ddc _cLIBROS |
||
| 945 | _arcc | ||